LEADER 01571nam a2200253 4500 001 000000339074 003 CaOOAMICUS 005 20200128170808.0 008 200128s1824 it 000 u ita r 026 $a3.he o-ie c-e- Unbi (3) 1824 (R) 040 $aSeMil$bita 100 11$aVolta, Alessandro,$d<1745-1827>.$0(OLS)http://semarc/name/110836 245 00$aSulla formazione della grandine memoria del signor conte Alessandro Volta ... Con un articolo sul medesimo argomento del sig. canonico Angelo Bellani membro della Società di fisica e storia naturale di Ginevra ... 264 1$aMilano :$bDalla Tipografia e Libreria Manini ne' Tre Re, n. 4085,$c1824. 300 $a170, [2] p. ;$c8° 501 $aSulla causa dello straordinario freddo che nei temporali da origine alla formazione della grandine. Memoria del sig. canonico Angelo Bellani 650 4$aMeteorologia.$0(OLS)http://semarc/subject/844 700 1 $aBellani, Angelo.$0(OLS)http://semarc/name/91058 700 1 $aManini, Omobono,$c.$0(OLS)http://semarc/name/14804 850 $aSeMil 852 $aSeMil$W1$xVenegono$y1$m3XD VII 10 FA$j218134$B230151$CSeMilBibl$Z2$F230151 $8I 996 $6245$aSulla formazione della grandine memoria del signor conte Alessandro Volta ... Con un articolo sul medesimo argomento del sig. canonico Angelo Bellani membro della Società di fisica e storia naturale di Ginevra ...$9(OLS)http://semarc/title/427896 996 $6264$aMilano :$bDalla Tipografia e Libreria Manini ne' Tre Re, n. 4085$9(OLS)http://semarc/publisher/55738 LEADER 01081nam a2200205 i 4500 001 000000006451 003 CaOOAMICUS 005 20180830125438.0 008 180830s1997 it u000 u ita u 040 $aSeMil$bita 100 1 $aLo Castro, Gaetano.$0(OLS)http://semarc/name/3375 245 13$aIl mistero del diritto /$cGaetano Lo Castro. 260 $aTorino :$bGiappichelli,$c1997-2012. 300 $a3 v. ;$c23 cm. 650 4$aDiritto canonico.$0(OLS)http://semarc/subject/207 774 0 $tDel diritto e della sua conoscenza.$kCollana di studi di diritto canonico ed ecclesiastico. Sezione canonistica$z88-348-7063-8$g1$w()77073 774 0 $tUomo, il diritto, la giustizia.$kCollana di studi di diritto canonico ed ecclesiastico. Sezione canonistica$z978-88-348-2554-9$g3$w()223986 774 0 $tPersona e diritto nella chiesa.$kCollana di studi di diritto canonico ed ecclesiastico. Sezione canonistica$z978-88-348-1728-5$g2$w()223987 996 $6245$aIl mistero del diritto$9(OLS)http://semarc/title/8579 996 $6260$aTorino :$bGiappichelli$9(OLS)http://semarc/publisher/31793